Normal view
MARC view
- Figlie di San Paolo
Entry Personal Name
001 - CONTROL NUMBER
- control field: 18534
003 - CONTROL NUMBER IDENTIFIER
- control field: IT-RoPau
005 - DATE AND TIME OF LATEST TRANSACTION
- control field: 20140404154354.0
008 - FIXED-LENGTH DATA ELEMENTS
- fixed length control field: 140404|| aca||aabn | a|a d
040 ## - CATALOGING SOURCE
- Original cataloging agency: IT-RoPau
- Transcribing agency: IT-RoPau
100 ## - HEADING--PERSONAL NAME
- Personal name: Figlie di San Paolo
670 ## - SOURCE DATA FOUND
- Source citation: Work cat.: (IT-RoPau): Figlie di San Paolo, Vita Paolina nella provincia italiana - fsp - Una rete di comunicazione, 2006